000 00346nam a2200133Ia 4500
008 130318s9999 xx 000 0 und d
020 _a9814058734
082 _a658.4038 TIW/K
100 _aTiwana, Amrit
245 _aKnowledge management toolkit
260 _bPearson Education
_aNew Delhi
_c2000
300 _a608
650 _aKNOWLEDGE MANAGEMENT
999 _c375
_d375